000 00829nam a2200277Ia 4500
003 OSt
005 20220918201326.0
006 a|||||r|||| 00| 0
007 ta
008 220917b |||||||| |||| 00| 0 eng d
024 _a93,134
037 _cTextual
040 _aARTS
_cARTS
_beng
041 _2eng
_aeng
082 _aV1:52.N7<--C67, L9
100 _aParel Anthony Ed
_932790
245 0 _aTheories of property
_b Aristotle to the present
260 _aOntario
_bWilfrid Laurier University
_c1979
300 _aviii, 395p.
_ccm.
490 _aThe Calgary Institute for the Humanities
500 _aBibliography p381--390
650 _aHISTORY
700 _a Flanagan Thomas
_998135
942 _hV1:52.N7<--C67, L9
_cTEXL
_2CC
999 _c216782
_d216782